[Event "GER-chB Seniors 27th"]
[Site "Magdeburg"]
[Date "2015.08.22"]
[Round "8"]
[White "Wolf, Burghard"]
[Black "Grigat, Klaus Dieter"]
[Result "0-1"]
[WhiteElo "1892"]
[BlackElo "1962"]
[PlyCount "114"]
[EventDate "2015.08.15"]
[EventType "swiss"]
[EventRounds "9"]
[EventCountry "GER"]
[SourceTitle "EXT 2018"]
[Source "ChessBase"]
[SourceDate "2017.10.13"]
[SourceVersion "1"]
[SourceVersionDate "2017.10.13"]
[SourceQuality "1"]

1. c4 g6 2. d4 Bg7 3. Nf3 d6 4. e4 c6 5. Nc3 Bg4 6. Be2 Bxf3 7. Bxf3 Qb6 8. d5 Qb4 9. Be2 Bxc3+ 10. bxc3 Qxc3+ 11. Bd2 Qd4 12. f3 Nd7 13. Qc1 Qb6 14. Be3 Qc7 15. Qb2 Ngf6 16. Rb1 b6 17. g4 0-0 18. Bh6 Rfc8 19. h4 cxd5 20. exd5 e5 21. dxe6 fxe6 22. h5 e5 23. hxg6 hxg6 24. Qc2 Kf7 25. Bd3 Rg8 26. Bg5 Nc5 27. Ke2 Nxd3 28. Qxd3 Rac8 29. Bxf6 Kxf6 30. Rbc1 Rh8 31. g5+ Kg7 32. Rxh8 Rxh8 33. Rf1 Qc5 34. Rf2 Rc8 35. f4 Qxc4 36. fxe5 Qxd3+ 37. Kxd3 dxe5 38. Rf6 Rc5 39. Ke4 Rc4+ 40. Kxe5 Rg4 41. Ke6 Rxg5 42. Rf7+ Kh6 43. Rxa7 Ra5 44. Rb7 Rxa2 45. Rxb6 Rf2 46. Rb1 g5 47. Rh1+ Kg6 48. Rg1 Kh5 49. Rh1+ Kg4 50. Rg1+ Kf4 51. Ra1 g4 52. Ra8 g3 53. Kd5 Rd2+ 54. Kc4 g2 55. Rg8 Kf3 56. Rf8+ Ke2 57. Kc3 g1Q 0-1

[Event "GER-chB Seniors 27th"]
[Site "Magdeburg"]
[Date "2015.08.18"]
[Round "4"]
[White "Wolf, Burghard"]
[Black "Scherf, Siegfried"]
[Result "1/2-1/2"]
[WhiteElo "1892"]
[BlackElo "1701"]
[PlyCount "152"]
[EventDate "2015.08.15"]
[EventType "swiss"]
[EventRounds "9"]
[EventCountry "GER"]
[SourceTitle "EXT 2018"]
[Source "ChessBase"]
[SourceDate "2017.10.13"]
[SourceVersion "1"]
[SourceVersionDate "2017.10.13"]
[SourceQuality "1"]

1. c4 b6 2. d4 Bb7 3. Nc3 Nf6 4. Bg5 e6 5. e4 Be7 6. Qc2 Nh5 7. Bxe7 Qxe7 8. Nf3 0-0 9. Be2 d6 10. 0-0 Nf4 11. Rae1 Ba6 12. b3 Qf6 13. e5 dxe5 14. dxe5 Qg6 15. Qxg6 Nxg6 16. Bd3 Nd7 17. Bxg6 hxg6 18. Rd1 Rad8 19. Rfe1 Nb8 20. Rd4 Nc6 21. Rxd8 Rxd8 22. Rd1 Rxd1+ 23. Nxd1 Nb4 24. Nc3 Nc2 25. Kf1 Kf8 26. Ke2 Ke7 27. Kd2 Nb4 28. Nd4 c5 29. Nde2 Bb7 30. g3 Kd7 31. f4 a6 32. a3 Nc6 33. Kd3 f6 34. exf6 gxf6 35. Ne4 Ke7 36. N2c3 f5 37. Ng5 Nb8 38. Na4 Nd7 39. Nc3 Kf6 40. Ke3 Bc6 41. Nf3 b5 42. Nd2 Nb6 43. cxb5 axb5 44. Nf3 b4 45. axb4 cxb4 46. Nd4 Bd7 47. Na2 Nd5+ 48. Kd3 g5 49. fxg5+ Kxg5 50. Nc2 f4 51. gxf4+ Kxf4 52. Naxb4 Bb5+ 53. Kd4 Nf6 54. Nd3+ Kg5 55. Nc5 e5+ 56. Kxe5 Ng4+ 57. Kd6 Nxh2 58. Nd4 Bf1 59. b4 Ng4 60. Nf3+ Kf4 61. Nd2 Bb5 62. Ncb3 Ne3 63. Nd4 Bd3 64. Kc5 Nd1 65. Nc4 Nc3 66. Ne6+ Kf5 67. Nc7 Ne4+ 68. Kd4 Be2 69. Ne8 Ng5 70. b5 Ne6+ 71. Kc3 Nc5 72. b6 Bf3 73. Ned6+ Ke6 74. Nb5 Bg2 75. Nd4+ Kd7 76. Ne5+ Kc8 1/2-1/2

[Event "GER-chB Seniors 27th"]
[Site "Magdeburg"]
[Date "2015.08.16"]
[Round "2"]
[White "Wolf, Burghard"]
[Black "Hoose, Hannelore"]
[Result "1-0"]
[WhiteElo "1892"]
[BlackElo "1681"]
[PlyCount "121"]
[EventDate "2015.08.15"]
[EventType "swiss"]
[EventRounds "9"]
[EventCountry "GER"]
[SourceTitle "EXT 2018"]
[Source "ChessBase"]
[SourceDate "2017.10.13"]
[SourceVersion "1"]
[SourceVersionDate "2017.10.13"]
[SourceQuality "1"]

1. c4 b6 2. Nc3 Bb7 3. d4 e6 4. Bf4 Nf6 5. e3 Bb4 6. Qb3 Be7 7. 0-0-0 0-0 8. f3 Nc6 9. e4 Nh5 10. g3 Bf6 11. Be3 g6 12. Nh3 Ng7 13. Nf2 Ne8 14. h4 Qe7 15. Ng4 Bg7 16. a3 Na5 17. Qc2 Ba6 18. Nb1 d6 19. b4 Nxc4 20. Bxc4 b5 21. Bb3 c6 22. Rd3 Nf6 23. Bg5 e5 24. dxe5 dxe5 25. Qc5 Qxc5+ 26. bxc5 Nxg4 27. fxg4 b4 28. Rf3 Rae8 29. axb4 Be2 30. Rf2 Bxg4 31. Rhf1 Be6 32. Bxe6 Rxe6 33. Nc3 f6 34. Be3 Rb8 35. Rb2 Re7 36. Kc2 Reb7 37. Rfb1 a6 38. Na4 Re8 39. Ra2 f5 40. exf5 gxf5 41. Nb6 Ra7 42. Rf1 Rf8 43. Nc4 Rb7 44. Kb3 Rfb8 45. Ra4 f4 46. gxf4 exf4 47. Rxf4 Rd7 48. Nd6 Ra8 49. Bd4 Bxd4 50. Rxd4 Rg7 51. Kc4 Rg1 52. Ra3 Ra7 53. Re3 Ra8 54. Rde4 Rf8 55. Re8 Rg4+ 56. Kb3 Rgf4 57. Rxf8+ Kxf8 58. Re4 Rxe4 59. Nxe4 Kg7 60. Ka4 Kg6 61. Ng5 1-0

[Event "Bad Bevensen Seniors op 12th"]
[Site "Bad Bevensen"]
[Date "2009.07.07"]
[Round "1"]
[White "Pape, Manfred"]
[Black "Wolf, Burghard"]
[Result "1-0"]
[WhiteElo "2110"]
[BlackElo "1682"]
[PlyCount "91"]
[EventDate "2009.07.07"]
[EventType "swiss"]
[EventRounds "9"]
[EventCountry "GER"]
[SourceTitle "EXT 2022"]
[Source "ChessBase"]
[SourceDate "2021.10.06"]
[SourceVersion "1"]
[SourceVersionDate "2021.10.06"]
[SourceQuality "1"]

1. d4 Nf6 2. Nc3 d5 3. Bg5 Nbd7 4. f3 h6 5. Bh4 g5 6. Bg3 Nh5 7. Bf2 c6 8. e4 e6 9. h4 Ng7 10. hxg5 Qxg5 11. Nh3 Qe7 12. Qd2 b5 13. Be3 Nh5 14. Bf2 Bb7 15. g4 Ng7 16. e5 0-0-0 17. Nf4 Qb4 18. Nd3 Qa5 19. a3 Be7 20. b4 Qb6 21. Rxh6 a5 22. Qf4 Rxh6 23. Qxh6 Ne8 24. Qh7 Qa6 25. Qxf7 axb4 26. Qxe7 bxc3 27. Bh4 Qb6 28. Qxd8+ Qxd8 29. Bxd8 Kxd8 30. a4 Kc7 31. axb5 cxb5 32. Nf4 Ng7 33. Bxb5 Nb8 34. Ne2 Nc6 35. Bxc6 Kxc6 36. Nxc3 Ne8 37. Kf2 Kb6 38. f4 Ng7 39. Kg3 Bc6 40. Kh4 Be8 41. Kg5 Bd7 42. Kf6 Ne8+ 43. Kf7 Kc6 44. Ra7 Nc7 45. Rxc7+ Kxc7 46. Ke7 1-0

[Event "Niedersachsen-ch Seniors op 11th"]
[Site "Bad Bevensen"]
[Date "2008.07.16"]
[Round "9"]
[White "Wolf, Burghard"]
[Black "Reimann, Guenther"]
[Result "1/2-1/2"]
[WhiteElo "1707"]
[BlackElo "1768"]
[PlyCount "68"]
[EventDate "2008.07.08"]
[EventType "swiss"]
[EventRounds "9"]
[EventCountry "GER"]
[SourceTitle "EXT 2022"]
[Source "ChessBase"]
[SourceDate "2021.10.06"]
[SourceVersion "1"]
[SourceVersionDate "2021.10.06"]
[SourceQuality "1"]

1. c4 e6 2. d4 f5 3. Nf3 Nf6 4. Nc3 Be7 5. Bf4 d6 6. e3 a6 7. Bd3 0-0 8. Qc2 Nh5 9. h4 Nc6 10. a3 Bf6 11. 0-0-0 Nxf4 12. exf4 Nxd4 13. Nxd4 Bxd4 14. Bxf5 Bxc3 15. Bxh7+ Kh8 16. bxc3 Rxf4 17. Rd4 Qf6 18. Rxf4 Qxf4+ 19. Kb2 e5 20. Bd3 Be6 21. Qe2 Rf8 22. Qh5+ Qh6 23. Qxh6+ gxh6 24. f3 Rf4 25. Be4 Bxc4 26. Bxb7 Kg7 27. Kc2 Kf7 28. Bc6 d5 29. Rd1 Ke6 30. h5 Rf5 31. Be8 Bb5 32. Bxb5 axb5 33. Rh1 c6 34. Rh3 Kf6 1/2-1/2

[Event "Niedersachsen-ch Seniors op 09th"]
[Site "Bad Bevensen"]
[Date "2006.06.30"]
[Round "7"]
[White "Wolf, Burghard"]
[Black "Jasinski, Viktor"]
[Result "1-0"]
[WhiteElo "1691"]
[BlackElo "1640"]
[PlyCount "77"]
[EventDate "2006.06.24"]
[EventType "swiss"]
[EventRounds "9"]
[EventCountry "GER"]
[SourceTitle "EXT 2022"]
[Source "ChessBase"]
[SourceDate "2021.10.06"]
[SourceVersion "1"]
[SourceVersionDate "2021.10.06"]
[SourceQuality "1"]

1. c4 c6 2. Nc3 g6 3. d4 d5 4. cxd5 cxd5 5. Nf3 Bg7 6. e3 Nf6 7. Bd3 0-0 8. 0-0 a6 9. Qb3 e6 10. Bd2 Nbd7 11. Rfc1 b5 12. a4 b4 13. Qxb4 Re8 14. Qb3 Rb8 15. Qc2 Qb6 16. Rab1 Bb7 17. b4 Rec8 18. Qd1 Ne4 19. Be1 e5 20. Bxe4 dxe4 21. Nd2 exd4 22. exd4 Bh6 23. Rc2 e3 24. Nf3 Bxf3 25. Qxf3 Re8 26. Qh3 Bg7 27. fxe3 Qd6 28. Bg3 Rxe3 29. Bxd6 Rxh3 30. gxh3 Bxd4+ 31. Kg2 Rb6 32. Ne4 f5 33. Bc5 Rc6 34. Nf2 a5 35. Rd1 Bxf2 36. Kxf2 Nf6 37. Rdc1 Ne4+ 38. Kg2 axb4 39. Bxb4 1-0